| 000 | 00825nam a2200229Ii 4500 | ||
|---|---|---|---|
| 003 | JO-AjNU | ||
| 008 | 230605s9999||||xx |||||||||||||| ||und|| | ||
| 017 | _a17103 | ||
| 020 | _a978-977-324-40-5 | ||
| 040 |
_aJO-AjNU _bara _erda _cJO-AjNU |
||
| 041 | _aara | ||
| 050 | 1 | 4 | _aHC79.I55.M355.2011 |
| 100 | 3 |
_aالمكاوي، محمد محمود, _eauthor _944071 |
|
| 245 | 0 | 0 | _aاقتصاديات نظم المعلومات |
| 250 | _aط1 | ||
| 264 | 3 | 1 | _aالمنصورة،الاسكندرية:دار الفكر والقانون للنشر والتوزيع،مؤسسة رؤية،2011 |
| 300 | _a264ص | ||
| 336 |
_atext _btxt _2rdacontent |
||
| 337 |
_aunmediated _bn _2rdamedia |
||
| 338 |
_avolume _bnc _2rdacarrier |
||
| 650 | 4 |
_a تكنولوجيا المعلومات -- الجوانب الاقتصادية _944072 |
|
| 999 |
_aA18998 _c22566 _d22566 |
||